Normal view
MARC view
- John Dave Rockefeller T. Acosta
Entry Personal Name
001 - CONTROL NUMBER
- control field: 5068
003 - CONTROL NUMBER IDENTIFIER
- control field: URS
005 - DATE AND TIME OF LATEST TRANSACTION
- control field: 20230704144514.0
008 - FIXED-LENGTH DATA ELEMENTS
- fixed length control field: 230704|| aca||aabn | a|a d
040 ## - CATALOGING SOURCE
- Original cataloging agency: URS
100 ## - HEADING--PERSONAL NAME
- Personal name: John Dave Rockefeller T. Acosta
- Relator term: Author


































